Statistics for Metallica - In Other Words

Click here to take the quiz!

General Stats

  • This quiz has been taken 643 times
  • The average score is 10 of 19

Answer Stats

Hint Answer % Correct
Overlord of MarionettesMaster of Puppets
89%
The Loneliest Number According to Three Dog NightOne
77%
Power CellBattery
74%
Glass Container of Liquor (Irish Traditional)Whiskey In the Jar
70%
Sneaking DemiseCreeping Death
68%
Factual Though Not PleasingSad But True
63%
Proceed In the Book (Bob Seger cover)Turn the Page
59%
Perish, Perish, Love of Mine (Misfits cover)Die, Die My Darling
58%
Reaper of SadnessHarvester of Sorrow
56%
Morpheus ArrivesEnter Sandman
54%
Not Absolved of BlameThe Unforgiven
53%
Leap In the ConflagrationJump In the Fire
49%
Oh, The Places I'll Go!Wherever I May Roam
48%
It Is the Only Substantive ThingNothing Else Matters
47%
Supply of PowerFuel
44%
Cannonized WrathSt. Anger
36%
Organization for DestructionDamage Inc.
32%
My Appearance Fades to NothingI Disappear
21%
Residual RecollectionThe Memory Remains
19%

Score Distribution

Percentile by Number Answered

Percent of People with Each Score

Your Score History

You have not taken this quiz